000 00493nam a2200193 a 4500
001 4642
003 CO-ViMGA
008 141112s2004 ck r 000 u spa d
040 _aCO-ViMGA
_bspa
_cCO-ViMGA
082 0 4 _a759.06 E837
100 1 _aEvertt, Anthony
_955608
245 1 0 _aEl expresionismo abstracto
250 _a2a
260 _aBarcelona :
_bLabor,
_c1984
300 _a71, 60 p : il
490 _aBolsillo de arte
650 1 4 _aEXPRESIONISMO ABSTRACTO
_955609
942 _2ddc
_cBK
999 _c16652
_d16652